000 00414nam a2200181Ia 4500
003 0100
008 130303s9999 xx 000 0 und d
040 _cARRUPELIB
050 _aQ175.W5751961
100 _aWhitehead, Alfred North
245 4 _aThe Interpretation of Science
260 _aNY
260 _bBobbs-Merrill company, inc
260 _C1961
300 _a274p
650 _bTheology
942 0 0 _03
999 _c45477
_d45477